Statistics for First U.S. States to Reach 1 Million People

Click here to take the quiz!

General Stats

  • This quiz has been taken 14,025 times
  • The average score is 8 of 11

Answer Stats

Year State % Correct
1811New York
99%
1826Virginia
84%
1818Pennsylvania
82%
1851Massachusetts
76%
1832Ohio
75%
1852Illinois
71%
1857Georgia
71%
1851Indiana
54%
1850Tennessee
53%
1852Kentucky
51%
1857Missouri
36%

Score Distribution

Percentile by Number Answered

Percent of People with Each Score

Your Score History

You have not taken this quiz